[Event "Barbera del Valles op 47th"]
[Site "Barbera del Valles"]
[Date "2025.07.09"]
[Round "6"]
[White "Alonso Gimenez, Mauro"]
[Black "Degardin, Sylvain"]
[Result "0-1"]
[ECO "C29"]
[WhiteElo "2232"]
[BlackElo "2329"]
[PlyCount "178"]
[EventDate "2025.07.04"]
[EventType "swiss"]
[EventRounds "8"]
[EventCountry "ESP"]
[SourceTitle "CB29_2025"]
[SourceDate "2025.07.16"]
[SourceVersion "1"]
[SourceVersionDate "2025.07.16"]
[SourceQuality "1"]

1. e4 e5 2. Nc3 Nf6 3. f4 d5 4. fxe5 Nxe4 5. Qf3 f5 6. d3 Nxc3 7. bxc3 d4 8. c4 Nc6 9. Qg3 Be6 10. Nf3 Qd7 11. Be2 0-0-0 12. 0-0 h6 13. Nh4 f4 14. Qf2 g5 15. Ng6 Rg8 16. Nxf8 Rdxf8 17. Ba3 Rf5 18. Bf3 Rxe5 19. Rab1 Re8 20. Rb3 Bg4 21. Be4 Bf5 22. Bf3 Nd8 23. h3 c6 24. c3 Ne6 25. Rfb1 b6 26. c5 Nxc5 27. Bxc5 Rxc5 28. cxd4 Rb5 29. Rc1 Rxb3 30. Bxc6 Qc7 31. Bb7+ Kb8 32. Rxc7 Rb1+ 33. Kh2 Ree1 34. Qxe1 Rxe1 35. Rf7 Bxd3 36. Bf3 Re6 37. Rb7+ Kc8 38. Rxa7 Rd6 39. Ra8+ Kc7 40. Ra7+ Kd8 41. Ra4 b5 42. Ra8+ Ke7 43. d5 Bc4 44. a4 b4 45. Rb8 b3 46. Bd1 Bxd5 47. Bxb3 Bc6 48. Kg1 Rd2 49. Rb6 Kd6 50. a5 Kc7 51. Kf1 h5 52. Bf7 h4 53. Bb3 Bxg2+ 54. Ke1 Rd8 55. Rg6 f3 56. Rg7+ Rd7 57. Rxg5 Re7+ 58. Kf2 Re2+ 59. Kg1 Bxh3 60. Rg7+ Kc6 61. Rf7 Rg2+ 62. Kh1 f2 63. Ba4+ Kc5 64. Rf5+ Kb4 65. Rf4+ Kxa5 66. Bb5 Rg1+ 67. Kh2 f1Q 68. Bxf1 Rxf1 69. Rxh4 Be6 70. Re4 Rf6 71. Kg3 Kb5 72. Rf4 Rg6+ 73. Kh4 Kc5 74. Ra4 Kd5 75. Ra5+ Ke4 76. Ra4+ Ke5 77. Ra1 Rg4+ 78. Kh5 Rg2 79. Ra5+ Kf6 80. Kh4 Rg4+ 81. Kh5 Rd4 82. Kh6 Rh4+ 83. Rh5 Rg4 84. Ra5 Rg8 85. Ra7 Rg6+ 86. Kh7 Rg3 87. Kh8 Rb3 88. Rb7 Rd3 89. Rd7 Bxd7 0-1

[Event "Barbera del Valles op 47th"]
[Site "Barbera del Valles"]
[Date "2025.07.06"]
[Round "3"]
[White "Diaz Perez, Michel Alejandro"]
[Black "Alonso Gimenez, Mauro"]
[Result "1-0"]
[ECO "A55"]
[WhiteElo "2459"]
[BlackElo "2232"]
[PlyCount "73"]
[EventDate "2025.07.04"]
[EventType "swiss"]
[EventRounds "8"]
[EventCountry "ESP"]
[SourceTitle "CB29_2025"]
[SourceDate "2025.07.16"]
[SourceVersion "1"]
[SourceVersionDate "2025.07.16"]
[SourceQuality "1"]

1. d4 Nf6 2. c4 d6 3. Nc3 e5 4. Nf3 Nbd7 5. e4 Be7 6. Be2 c6 7. 0-0 0-0 8. Re1 Qc7 9. Bf1 Re8 10. h3 Bf8 11. Qc2 a6 12. Be3 b6 13. a4 Bb7 14. d5 Rac8 15. dxc6 Bxc6 16. Qb1 Nc5 17. Nd2 Qb7 18. Bg5 Ne6 19. Bxf6 gxf6 20. Nf3 Kh8 21. b4 f5 22. exf5 Nf4 23. Ne4 Bh6 24. Nh2 Rg8 25. Ng4 Bf8 26. g3 Bxe4 27. Qxe4 Qxe4 28. Rxe4 Nh5 29. a5 bxa5 30. Rxa5 Rb8 31. c5 dxc5 32. bxc5 f6 33. c6 Rb2 34. Rc4 Bd6 35. c7 Rc8 36. Rxa6 Rxc7 37. Rxd6 1-0

[Event "Mislata op 57th"]
[Site "Mislata"]
[Date "2024.08.17"]
[Round "8"]
[White "Aguado Crespo, Antonio"]
[Black "Alonso Gimenez, Mauro"]
[Result "0-1"]
[ECO "C42"]
[WhiteElo "1995"]
[BlackElo "2127"]
[PlyCount "64"]
[EventDate "2024.08.12"]
[EventType "swiss"]
[EventRounds "9"]
[EventCountry "ESP"]
[SourceTitle "CBM 221 Extra"]
[Source "ChessBase"]
[SourceDate "2024.09.30"]
[SourceVersion "1"]
[SourceVersionDate "2024.09.30"]
[SourceQuality "1"]

1. e4 e5 2. Nf3 Nf6 3. d3 Qe7 4. g3 g6 5. Bg2 Bg7 6. 0-0 0-0 7. Nbd2 c6 8. Re1 d6 9. Nf1 Nbd7 10. d4 Re8 11. c3 Nf8 12. Qc2 Qc7 13. Bd2 Ne6 14. Rad1 Qb6 15. Ne3 exd4 16. cxd4 d5 17. exd5 cxd5 18. Bc3 Bd7 19. Ne5 Bc6 20. h4 Rac8 21. Qe2 Ba4 22. Rd2 Bc6 23. Qf3 Rc7 24. Bh3 Ne4 25. Rdd1 Bxe5 26. dxe5 d4 27. Bxe6 Nxc3 28. Qf4 Nxd1 29. Ng4 Rxe6 30. Qg5 Rce7 31. Rxd1 Qa5 32. Nh6+ Kh8 0-1

[Event "Mislata op 57th"]
[Site "Mislata"]
[Date "2024.08.13"]
[Round "3"]
[White "Alonso Gimenez, Mauro"]
[Black "Yeghikyan, Yeva"]
[Result "1-0"]
[ECO "C29"]
[WhiteElo "2127"]
[BlackElo "1678"]
[PlyCount "27"]
[EventDate "2024.08.12"]
[EventType "swiss"]
[EventRounds "9"]
[EventCountry "ESP"]
[SourceTitle "CBM 221 Extra"]
[Source "ChessBase"]
[SourceDate "2024.09.30"]
[SourceVersion "1"]
[SourceVersionDate "2024.09.30"]
[SourceQuality "1"]

1. e4 e5 2. Nc3 Nf6 3. f4 Nc6 4. fxe5 Nxe5 5. d4 Ng6 6. e5 Ng8 7. Nf3 d6 8. Bd3 N8e7 9. 0-0 Nc6 10. Ng5 f6 11. exf6 gxf6 12. Qh5 Nce7 13. Nxh7 Bg7 14. Bxg6+ 1-0

[Event "Mislata op 57th"]
[Site "Mislata"]
[Date "2024.08.13"]
[Round "2"]
[White "Kovacevic, Slobodan"]
[Black "Alonso Gimenez, Mauro"]
[Result "1-0"]
[ECO "A47"]
[WhiteElo "2229"]
[BlackElo "2127"]
[PlyCount "163"]
[EventDate "2024.08.12"]
[EventType "swiss"]
[EventRounds "9"]
[EventCountry "ESP"]
[SourceTitle "CBM 221 Extra"]
[Source "ChessBase"]
[SourceDate "2024.09.30"]
[SourceVersion "1"]
[SourceVersionDate "2024.09.30"]
[SourceQuality "1"]

1. d4 Nf6 2. Nf3 b6 3. Bf4 Bb7 4. Nbd2 g6 5. e3 Bg7 6. h3 d6 7. c3 Nbd7 8. Qc2 0-0 9. Bc4 Qe8 10. 0-0 e5 11. Bh2 e4 12. Ne1 Qe7 13. b4 Rfe8 14. a4 a6 15. Qb2 Nf8 16. Nc2 Ne6 17. Qb3 d5 18. Be2 c5 19. bxc5 bxc5 20. Rfb1 cxd4 21. cxd4 Nd8 22. Ra2 Qd7 23. Qb6 Re6 24. Qb2 a5 25. Nb3 Bf8 26. Nc5 Bxc5 27. dxc5 Bc6 28. Nd4 Ne8 29. Nxe6 Nxe6 30. Qa3 d4 31. exd4 Nxd4 32. Bc4 Rd8 33. Bf4 Ng7 34. Rd2 Ngf5 35. Rbd1 Bxa4 36. Rxd4 Nxd4 37. Rxd4 Qxd4 38. Qxa4 Qxc5 39. Qa2 Qf5 40. Bg3 Rd7 41. Qb3 Rd8 42. Kh2 h5 43. Qb6 Rc8 44. Ba6 Qc5 45. Qb7 Rd8 46. Qxe4 Qd4 47. Qe7 Ra8 48. Bb7 Qd8 49. Qe3 Rb8 50. Qa7 Rxb7 51. Qxb7 h4 52. Be5 f6 53. Bc7 Qd7 54. Qb8+ Kh7 55. Bxa5 Qf5 56. Bb6 g5 57. Bd4 Kg6 58. Qg8+ Kh6 59. Qh8+ Kg6 60. Qe8+ Kh6 61. Qe3 Kg7 62. Bc5 Kg6 63. Qe8+ Kh7 64. Qe7+ Kg8 65. Be3 Kh8 66. Qc7 Kg8 67. Qc3 Kg7 68. Qd4 Kg6 69. f3 Qb5 70. Qd6 Qf5 71. Qe7 Qb5 72. Qe4+ Kg7 73. f4 Qb8 74. Kh1 Kg8 75. Qg6+ Kh8 76. Qxf6+ Kh7 77. Qxg5 Qb1+ 78. Kh2 Qe4 79. Qxh4+ Kg8 80. Qg5+ Kh7 81. Qh5+ Kg8 82. Qe5 1-0

[Event "Mislata op 57th"]
[Site "Mislata"]
[Date "2024.08.12"]
[Round "1"]
[White "Alonso Gimenez, Mauro"]
[Black "Silva Martinez Del Canizo, Sebastian"]
[Result "1-0"]
[ECO "B23"]
[WhiteElo "2127"]
[BlackElo "1951"]
[PlyCount "91"]
[EventDate "2024.08.12"]
[EventType "swiss"]
[EventRounds "9"]
[EventCountry "ESP"]
[SourceTitle "CBM 221 Extra"]
[Source "ChessBase"]
[SourceDate "2024.09.30"]
[SourceVersion "1"]
[SourceVersionDate "2024.09.30"]
[SourceQuality "1"]

1. e4 c5 2. Nc3 d6 3. Bb5+ Bd7 4. Bxd7+ Qxd7 5. f4 Nc6 6. Nf3 g6 7. d3 Bg7 8. 0-0 e6 9. Qe1 Nge7 10. Qg3 f5 11. h4 Nd4 12. Qf2 Nxf3+ 13. Qxf3 0-0 14. Re1 Nc6 15. Be3 Nd4 16. Bxd4 Bxd4+ 17. Kh1 Rae8 18. e5 dxe5 19. fxe5 Qg7 20. Qf4 h6 21. Nb5 g5 22. Qh2 Bf2 23. Re2 g4 24. Nd6 Rd8 25. c3 g3 26. Qh3 h5 27. Rf1 Rd7 28. a4 b6 29. b3 Kh7 30. Rfxf2 gxf2 31. Qf3 Qg4 32. Rxf2 Qxh4+ 33. Kg1 Rg8 34. Nxf5 Qg4 35. Nd6 Qxf3 36. Rxf3 Rdg7 37. Rf2 Rg3 38. Ne4 Rxd3 39. Nf6+ Kg7 40. Nxh5+ Kh6 41. Nf6 Rg5 42. Rc2 Rd1+ 43. Kh2 Kg6 44. Re2 Rd3 45. b4 Rxc3 46. g4 1-0

[Event "ESP-ch U14 rapid"]
[Site "Salobrena"]
[Date "2024.07.21"]
[Round "8"]
[White "Alonso Gimenez, Mauro"]
[Black "Marin Ferragut, Pau"]
[Result "1/2-1/2"]
[ECO "B04"]
[WhiteElo "2119"]
[BlackElo "2023"]
[PlyCount "67"]
[EventDate "2024.07.20"]
[EventType "swiss (rapid)"]
[EventRounds "9"]
[EventCountry "ESP"]
[SourceTitle "CBM 221 Extra"]
[Source "ChessBase"]
[SourceDate "2024.09.30"]
[SourceVersion "1"]
[SourceVersionDate "2024.09.30"]
[SourceQuality "1"]

1. e4 g6 2. d4 Bg7 3. Nf3 d6 4. Bc4 Nf6 5. Qe2 0-0 6. 0-0 c6 7. e5 Nd5 8. Nc3 Nb6 9. Bb3 Bg4 10. Bf4 d5 11. h3 Bxf3 12. Qxf3 N8d7 13. Rfe1 e6 14. Qe3 Rc8 15. Ne2 c5 16. c3 cxd4 17. cxd4 Nc4 18. Bxc4 Rxc4 19. b3 Rc6 20. Rac1 Qc7 21. Rxc6 Qxc6 22. Rc1 Qb5 23. Nc3 Qa5 24. Qd2 Rc8 25. Na4 Rxc1+ 26. Qxc1 b5 27. Qc8+ Nf8 28. Nc3 b4 29. Na4 Qb5 30. Qc2 h6 31. Nc5 g5 32. Be3 Ng6 33. Qd3 Qb8 34. g3 1/2-1/2

[Event "ESP-ch U14 rapid"]
[Site "Salobrena"]
[Date "2024.07.21"]
[Round "9"]
[White "Perea Fruet, Federico"]
[Black "Alonso Gimenez, Mauro"]
[Result "0-1"]
[ECO "C42"]
[WhiteElo "1965"]
[BlackElo "2119"]
[PlyCount "136"]
[EventDate "2024.07.20"]
[EventType "swiss (rapid)"]
[EventRounds "9"]
[EventCountry "ESP"]
[SourceTitle "CBM 221 Extra"]
[Source "ChessBase"]
[SourceDate "2024.09.30"]
[SourceVersion "1"]
[SourceVersionDate "2024.09.30"]
[SourceQuality "1"]

1. e4 e5 2. Nf3 Nf6 3. Nxe5 Nxe4 4. Qe2 Qe7 5. Qxe4 d6 6. d4 dxe5 7. dxe5 Nc6 8. Be2 Qxe5 9. Qxe5+ Nxe5 10. 0-0 Bd6 11. Nc3 Bf5 12. Bd1 0-0-0 13. b3 Nc6 14. Bb2 Nb4 15. Rc1 Bf4 16. Ra1 Nxc2 17. Bxc2 Bxc2 18. g3 Be5 19. Rac1 Bd3 20. Rfe1 Bf6 21. Na4 Bxb2 22. Nxb2 Bg6 23. Nc4 b6 24. a4 Rd7 25. Ne5 Re7 26. f4 Rhe8 27. Red1 Be4 28. a5 f6 29. Nc4 Kb8 30. Rd4 Bb7 31. axb6 axb6 32. Rcd1 Re2 33. h3 Rg2+ 34. Kf1 Rxg3 35. Rd8+ Rxd8 36. Rxd8+ Ka7 37. Rd7 Kb8 38. Rd8+ Bc8 39. Rg8 Kb7 40. Nd2 Bxh3+ 41. Kf2 Rg2+ 42. Ke3 Be6 43. Rh8 Bxb3 44. Nxb3 Rg3+ 45. Ke4 Rxb3 46. Rxh7 Rg3 47. Kd5 g5 48. f5 Re3 49. Rf7 Re5+ 50. Kd4 Rxf5 51. Rg7 Ra5 52. Rg6 Ra4+ 53. Kc3 Rf4 54. Kd3 g4 55. Ke3 Rf3+ 56. Ke2 f5 57. Rg5 b5 58. Rh5 b4 59. Rh1 b3 60. Rd1 Rh3 61. Kf2 b2 62. Rb1 Rb3 63. Ke2 g3 64. Kd2 g2 65. Kc2 g1Q 66. Rxg1 b1Q+ 67. Rxb1 Rxb1 68. Kxb1 Kc6 0-1

[Event "ESP-ch U14 rapid"]
[Site "Salobrena"]
[Date "2024.07.20"]
[Round "1"]
[White "Diaz Reyes, Iker"]
[Black "Alonso Gimenez, Mauro"]
[Result "0-1"]
[ECO "C40"]
[WhiteElo "1673"]
[BlackElo "2119"]
[PlyCount "80"]
[EventDate "2024.07.20"]
[EventType "swiss (rapid)"]
[EventRounds "9"]
[EventCountry "ESP"]
[SourceTitle "CBM 221 Extra"]
[Source "ChessBase"]
[SourceDate "2024.09.30"]
[SourceVersion "1"]
[SourceVersionDate "2024.09.30"]
[SourceQuality "1"]

1. e4 e5 2. Nf3 Qe7 3. Nc3 c6 4. Be2 g6 5. b3 Bg7 6. Bb2 Nf6 7. 0-0 0-0 8. a4 Re8 9. d3 d6 10. Re1 c5 11. Rb1 Be6 12. Ba3 Nc6 13. Qc1 Rac8 14. Qb2 Nd4 15. Nxd4 exd4 16. Na2 a5 17. Nc1 Bg4 18. h3 Bxe2 19. Nxe2 Nh5 20. Qc1 Qh4 21. Qd2 b6 22. Rf1 Qe7 23. Rfe1 Nf6 24. Bb2 Qc7 25. c3 dxc3 26. Bxc3 Qe7 27. Ng3 Nd7 28. Bxg7 Kxg7 29. d4 cxd4 30. Qxd4+ Qe5 31. Qxe5+ dxe5 32. Rec1 Nc5 33. h4 Red8 34. h5 Rd4 35. f3 Rcd8 36. hxg6 hxg6 37. Ne2 Rd2 38. Nc3 Nd3 39. Rd1 Nf4 40. g4 Ne2+ 0-1

[Event "ESP-ch U14"]
[Site "Salobrena"]
[Date "2024.07.17"]
[Round "5"]
[White "Antoneac Antoneac, Pablo Silviu"]
[Black "Alonso Gimenez, Mauro"]
[Result "1/2-1/2"]
[ECO "A47"]
[WhiteElo "1898"]
[BlackElo "2098"]
[PlyCount "99"]
[EventDate "2024.07.15"]
[EventType "swiss"]
[EventRounds "9"]
[EventCountry "ESP"]
[SourceTitle "EXT 2025"]
[Source "ChessBase"]
[SourceDate "2024.10.14"]
[SourceVersion "1"]
[SourceVersionDate "2024.10.14"]
[SourceQuality "1"]

1. d4 Nf6 2. Bf4 b6 3. e3 Bb7 4. Nf3 g6 5. Bd3 Bg7 6. h3 d6 7. Nbd2 Nbd7 8. 0-0 0-0 9. e4 Re8 10. Bh2 e5 11. dxe5 dxe5 12. Re1 Nh5 13. Nb3 Qe7 14. c3 Rad8 15. Qc2 Nf4 16. Bf1 Qf6 17. Bxf4 Qxf4 18. Rad1 Nf6 19. Bd3 Nh5 20. Nc1 Qf6 21. Ne2 Bc8 22. Nh2 Bf8 23. b4 Be6 24. Bb5 Rxd1 25. Rxd1 Rc8 26. Bd7 Rd8 27. Ng4 Bxg4 28. Bxg4 Rxd1+ 29. Qxd1 Nf4 30. Nxf4 Qxf4 31. Qe1 h5 32. Bd7 Bh6 33. b5 h4 34. Bc6 Qf6 35. Qd1 Kg7 36. Bd5 Qe7 37. Qf3 f6 38. Qg4 Bg5 39. Qc8 Kh6 40. Qh8+ Qh7 41. Qxh7+ Kxh7 42. Kf1 Bd2 43. c4 Bb4 44. Ke2 Kh6 45. g3 hxg3 46. fxg3 Bc3 47. Kf3 Be1 48. Be6 Kg5 49. h4+ Kh6 50. Kg4 1/2-1/2

[Event "Foment Martinenc op-A 24th"]
[Site "Barcelona"]
[Date "2024.06.08"]
[Round "8"]
[White "Rovira Vila, Jaume"]
[Black "Alonso Gimenez, Mauro"]
[Result "0-1"]
[ECO "A35"]
[WhiteElo "2072"]
[BlackElo "1982"]
[PlyCount "104"]
[EventDate "2024.04.20"]
[EventType "swiss"]
[EventRounds "9"]
[EventCountry "ESP"]
[SourceTitle "CBM 220 Extra"]
[Source "ChessBase"]
[SourceDate "2024.07.31"]
[SourceVersion "1"]
[SourceVersionDate "2024.07.31"]
[SourceQuality "1"]

1. Nf3 c5 2. e3 Nf6 3. c4 d6 4. d4 cxd4 5. Nxd4 g6 6. Be2 Bg7 7. Nc3 0-0 8. 0-0 Nc6 9. Nc2 Be6 10. e4 Nd7 11. Bd2 Nc5 12. f3 Qb6 13. Kh1 a5 14. b3 Nb4 15. Ne1 f5 16. exf5 Bxf5 17. a3 Nc6 18. g4 Be6 19. Rb1 Ne5 20. b4 axb4 21. axb4 Ncd7 22. Nd5 Bxd5 23. cxd5 Qd4 24. Bg5 Qxd1 25. Rxd1 Nf7 26. Be3 Ra2 27. Rf2 Bc3 28. Nd3 Nfe5 29. Nxe5 Nxe5 30. f4 Bxb4 31. Kg2 Nd7 32. g5 Bc5 33. Bg4 Rxf2+ 34. Bxf2 Bxf2 35. Bxd7 Be3 36. Re1 Bxf4 37. Rxe7 Rb8 38. h4 b5 39. Re8+ Rxe8 40. Bxe8 b4 41. Ba4 h6 42. gxh6 Bxh6 43. Kf3 Kg7 44. Bc2 Kf6 45. Kg4 g5 46. hxg5+ Bxg5 47. Bb3 Bc1 48. Kf3 Ke5 49. Ke2 Kd4 50. Kd1 Kc3 51. Ba2 Bf4 52. Bb1 b3 0-1

[Event "Foment Martinenc op-A 24th"]
[Site "Barcelona"]
[Date "2024.05.25"]
[Round "6"]
[White "Travesset Sagre, Jan"]
[Black "Alonso Gimenez, Mauro"]
[Result "1-0"]
[ECO "A43"]
[WhiteElo "2238"]
[BlackElo "1982"]
[PlyCount "57"]
[EventDate "2024.04.20"]
[EventType "swiss"]
[EventRounds "9"]
[EventCountry "ESP"]
[SourceTitle "CBM 220 Extra"]
[Source "ChessBase"]
[SourceDate "2024.07.31"]
[SourceVersion "1"]
[SourceVersionDate "2024.07.31"]
[SourceQuality "1"]

1. d4 Nf6 2. Nf3 c5 3. d5 b5 4. Bg5 Ne4 5. Bf4 Bb7 6. Qd3 Qa5+ 7. Nbd2 Nf6 8. e4 e6 9. Qxb5 Qxb5 10. Bxb5 exd5 11. exd5 Nxd5 12. Bg3 Be7 13. 0-0-0 0-0 14. Rhe1 Bf6 15. Ne4 a6 16. Bf1 Be7 17. Nd6 Bxd6 18. Bxd6 Rc8 19. Bxc5 Nf6 20. Bd4 d5 21. Bxf6 gxf6 22. Re7 Bc6 23. Bd3 Bd7 24. Nd4 Nc6 25. Rxd7 Nxd4 26. Bxh7+ Kxh7 27. Rxd4 Re8 28. R7xd5 Rac8 29. Kd2 1-0

[Event "Girona Gerunda op 7th"]
[Site "Girona"]
[Date "2024.05.17"]
[Round "6"]
[White "Alonso Gimenez, Mauro"]
[Black "Cros Garcia, Marc"]
[Result "1/2-1/2"]
[ECO "C30"]
[WhiteElo "1982"]
[BlackElo "1913"]
[PlyCount "73"]
[EventDate "2024.04.12"]
[EventType "swiss"]
[EventRounds "8"]
[EventCountry "ESP"]
[SourceTitle "EXT 2025"]
[Source "ChessBase"]
[SourceDate "2024.10.14"]
[SourceVersion "1"]
[SourceVersionDate "2024.10.14"]
[SourceQuality "1"]

1. e4 e5 2. Nc3 Nc6 3. Bc4 Nf6 4. d3 Bc5 5. f4 d6 6. Nf3 a6 7. f5 Na5 8. Bg5 Nxc4 9. dxc4 Bb4 10. Qd3 Bxc3+ 11. bxc3 b6 12. 0-0 Bb7 13. Rae1 Qc8 14. h3 Nd7 15. Nd2 Nc5 16. Qg3 Qd7 17. Be3 0-0-0 18. Re2 Qc6 19. Bxc5 Qxc5+ 20. Kh2 Rdg8 21. Qd3 f6 22. Nb3 Qc6 23. Nd2 h5 24. Ref2 h4 25. Rf3 Rh5 26. Re3 Qe8 27. Rf2 g6 28. fxg6 Qxg6 29. Ref3 Rg5 30. Qe2 Rg3 31. Rxf6 Rxh3+ 32. Kg1 Qg3 33. Nf1 Qg7 34. Rf7 Qg6 35. R7f6 Qg7 36. Rf7 Qg5 37. R7f5 1/2-1/2

[Event "Girona-ch"]
[Site "Conjunt de Castell d'Aro"]
[Date "2023.11.19"]
[Round "7"]
[White "Alonso Gimenez, Mauro"]
[Black "Casellas Ferrer, Joan Josep"]
[Result "1-0"]
[ECO "B10"]
[WhiteElo "1975"]
[BlackElo "1802"]
[PlyCount "83"]
[EventDate "2023.09.24"]
[EventType "swiss"]
[EventRounds "8"]
[EventCountry "ESP"]
[SourceTitle "EXT 2025"]
[Source "ChessBase"]
[SourceDate "2024.10.14"]
[SourceVersion "1"]
[SourceVersionDate "2024.10.14"]
[SourceQuality "1"]

1. e4 c6 2. Nf3 d5 3. exd5 cxd5 4. Ne5 Nf6 5. d4 e6 6. Nd2 Be7 7. Bd3 0-0 8. 0-0 Nbd7 9. Ndf3 Nxe5 10. Nxe5 Bd7 11. c3 Bc6 12. Qf3 Qb6 13. Re1 Ne4 14. Nxc6 Qxc6 15. Bxe4 dxe4 16. Qxe4 Qb6 17. Qe2 Rad8 18. Be3 Qc6 19. Qg4 Qb5 20. Rab1 Qc4 21. a3 Rd5 22. Bf4 Bf6 23. Re3 Qa2 24. Qd1 Bg5 25. Bxg5 Rxg5 26. Qc1 Qd5 27. Rg3 Rf5 28. Qh6 g6 29. Rh3 Rh5 30. Rxh5 gxh5 31. Re1 Qf5 32. h3 Qg6 33. Qf4 Rc8 34. Re3 Kf8 35. Qd6+ Ke8 36. Rg3 Rd8 37. Qc7 Qb1+ 38. Kh2 Rd7 39. Rg8+ Ke7 40. Qc5+ Rd6 41. Qg5+ Kd7 42. Rd8+ 1-0

[Event "Girona-ch"]
[Site "Conjunt de Castell d'Aro"]
[Date "2023.10.22"]
[Round "5"]
[White "Alonso Gimenez, Mauro"]
[Black "Faixedas Vidal, Jordi"]
[Result "0-1"]
[ECO "C28"]
[WhiteElo "1975"]
[BlackElo "1684"]
[PlyCount "64"]
[EventDate "2023.09.24"]
[EventType "swiss"]
[EventRounds "8"]
[EventCountry "ESP"]
[SourceTitle "EXT 2025"]
[Source "ChessBase"]
[SourceDate "2024.10.14"]
[SourceVersion "1"]
[SourceVersionDate "2024.10.14"]
[SourceQuality "1"]

1. e4 e5 2. Bc4 Nc6 3. Nc3 Nf6 4. d3 d6 5. Nge2 Na5 6. Ng3 Nxc4 7. dxc4 Be7 8. Qd3 Be6 9. Be3 Ng4 10. Nf5 Bxf5 11. exf5 Nxe3 12. fxe3 Qd7 13. 0-0-0 0-0-0 14. g4 Bh4 15. Rhg1 h6 16. Rdf1 Qc6 17. Nd5 Qd7 18. e4 c6 19. Ne3 Bg5 20. Kb1 Bxe3 21. Qxe3 Kb8 22. h4 f6 23. g5 hxg5 24. hxg5 Rhg8 25. gxf6 gxf6 26. Rg6 Qf7 27. Rfg1 Qxc4 28. b3 Qf7 29. Qh6 Rxg6 30. fxg6 Qf8 31. Qh7 Qg8 32. Rh1 Qxh7 0-1